LEADER 01529nam 2200433 450 001 000009261 005 20090305115100.0 010 $a0-385-04238-8 100 $a20020108d1973----km-y0itay0103----ba 101 0 $aeng 102 $aUS 200 1 $a<> speech chain$ethe physics and biology of spoken languages$fPeter B. Denes and Elliot N. Pinson 200 1 $a1 $n0002720 210 $aGarden City (N.Y.)$cAnchor Press$d1973 215 $aXV, 217 p.$cill.$d18 cm. 225 2 $aScience study series 606 $aLinguaggio$xFisiologia 676 $a612.78$v(20. ed.)$9Fisiologia umana. Voce e linguaggio articolato 700 1$aDenes,$bPeter B.$0440373 701 1 $aPinson,$bElliot N.$0440374 801 0$aIT$bUniversità della Basilicata - B.I.A.$gRICA$2unimarc 912 $a000009261 996 $aSpeech chain$977804 997 $aUNIBAS BAS $aMONLET BAS $aMONOGR BAS $aLETTERE CAT $aSTD001$b01$c20020108$lBAS01$h1026 CAT $aSTD001$b01$c20020108$lBAS01$h1038 CAT $aTROMBONE$b20$c20020108$lBAS01$h1619 CAT $c20050601$lBAS01$h1754 CAT $abatch$b01$c20050718$lBAS01$h1050 CAT $c20050718$lBAS01$h1109 CAT $c20050718$lBAS01$h1139 CAT $c20050718$lBAS01$h1153 CAT $aBATCH$b00$c20070503$lBAS01$h1732 CAT $aATR$b40$c20090305$lBAS01$h1151 FMT Z30 -1$lBAS01$LBAS01$mBOOK$1BASA1$APolo Storico-Umanistico$2GEN$BCollezione generale$3FP/11162$611162$5L11162$820020108$f02$FPrestabile Generale LEADER 03854nam 22006255 450 001 9910369924603321 005 20250610110037.0 010 $a3-030-25143-8 024 7 $a10.1007/978-3-030-25143-7 035 $a(CKB)4100000008959119 035 $a(MiAaPQ)EBC5848651 035 $a(DE-He213)978-3-030-25143-7 035 $a(PPN)259462322 035 $a(MiAaPQ)EBC29093175 035 $a(EXLCZ)994100000008959119 100 $a20190808d2020 u| 0 101 0 $aeng 135 $aurcnu|||||||| 181 $ctxt$2rdacontent 182 $cc$2rdamedia 183 $acr$2rdacarrier 200 10$aReimagining Justice, Human Rights and Leadership in Africa $eChallenging Discourse and Searching for Alternative Paths /$fedited by Everisto Benyera 205 $a1st ed. 2020. 210 1$aCham :$cSpringer International Publishing :$cImprint: Springer,$d2020. 215 $a1 online resource (197 pages) 225 1 $aAdvances in African Economic, Social and Political Development,$x2198-7270 311 08$a3-030-25142-X 327 $aConceptualizing Justice, Human Rights and Civil Religion -- Justice -- Human Rights -- Leadership. 330 $aFailed attempts in Africa to develop, democratise and instil virtues of a just state and society which promote benevolent leadership and advance political and economic rights and freedoms call for a ?new? imagination. By exploring a wide range of issues concerning justice, human rights and leadership, this book makes two major contributions to the extant literature in each of these areas. Firstly, as a project in decoloniality, it constitutes an ?epistemic break? from mainstream logics and approaches to understanding state, society and development in Africa, presenting an approach that is filtered through a Euro-American lens that reifies the hegemony of a particular spatio-temporality. In other words, it emphasises the importance of situatedness by thinking from rather than about or with Africa. And secondly, it addresses a fundamental shortcoming in decolonial thought, which is often criticised for rejecting western paradigms of thought without providing viable alternatives. The issues covered include state failure in Africa, the geopolitics of US and NATO military interventions on the continent, individual states? responses to international law, indigenous moral political leadership, authentic inclusion of marginalised voices in development practice, an endogenous approach to environmental ethics, and a spiritualist reflection on the need for Africa to chart her own course to political, social and economic redemption. By searching for alternative paths to justice, human rights and leadership, this book represents an effort to actualise the core vision of the African Renaissance to find ?African solutions for African problems?. 410 0$aAdvances in African Economic, Social and Political Development,$x2198-7270 606 $aAfrica$xPolitics and government 606 $aHuman rights 606 $aPolitical leadership 606 $aSocial sciences 606 $aHumanities 606 $aAfrican Politics 606 $aHuman Rights 606 $aPolitical Leadership 606 $aHumanities and Social Sciences 615 0$aAfrica$xPolitics and government. 615 0$aHuman rights. 615 0$aPolitical leadership. 615 0$aSocial sciences. 615 0$aHumanities. 615 14$aAfrican Politics. 615 24$aHuman Rights. 615 24$aPolitical Leadership. 615 24$aHumanities and Social Sciences. 676 $a303.34096 676 $a960.33 702 $aBenyera$b Everisto$4edt$4http://id.loc.gov/vocabulary/relators/edt 906 $aBOOK 912 $a9910369924603321 996 $aReimagining Justice, Human Rights and Leadership in Africa$92129727 997 $aUNINA